000 00703nam a2200277Ia 4500
005 20260320195804.0
008 008 262003s9999 xx 000 0 hin d
020 _a9789389598803
037 _aEBOOK
040 _aCRL
040 _bhin
040 _cCRL
041 _2hin
041 _ahin
084 _qCRL
100 _aमिर्ज़ा ग़ालिब, अनु. सादिक
_91133117
245 0 _aचिराग-ए-दैर
250 _a2nd
260 _bRajkamal
260 _c2020
300 _a124
856 _uhttps://ebook.indiaread.in/pdfs/638_chirag-e-dair_by_raza_foundation.pdf
942 _cEBOOK
999 _c1716504
_d1716504